Normal view MARC view

Entry Personal Name

Number of records used in: 1

001 - CONTROL NUMBER

  • control field: 27815

003 - CONTROL NUMBER IDENTIFIER

  • control field: OSt

005 - DATE AND TIME OF LATEST TRANSACTION

  • control field: 20210929144024.0

008 - FIXED-LENGTH DATA ELEMENTS

  • fixed length control field: 210929|| aca||aabn | a|a d

040 ## - CATALOGING SOURCE

  • Original cataloging agency: OSt
  • Transcribing agency: OSt

100 ## - HEADING--PERSONAL NAME

  • Personal name: Heydari, A. Teymoori, A. Trappes, R.

670 ## - SOURCE DATA FOUND

  • Source citation: Work cat.: (OSt): Heydari, A. Teymoori, A. Trappes, R. , Honor killing as a dark side of modernity: Prevalence, common discourses, and a critical view

Powered by Koha